[Event "45th Olympiad 2024"]
[Site "Budapest HUN"]
[Date "2024.09.21"]
[Round "10.13"]
[Board "3"]
[White "Papaioannou, Ioannis"]
[Black "Djukic, Nikola"]
[Result "1-0"]
[WhiteElo "2615"]
[BlackElo "2515"]
[PlyCount "115"]
[EventDate "2024.09.11"]
[WhiteTeam "Greece"]
[BlackTeam "Montenegro"]
[WhiteTeamCountry "GRE"]
[BlackTeamCountry "MNE"]

1. d4 Nf6 2. Nf3 e6 3. Bf4 c5 4. e3 d5 5. Be2 Bd6 6. dxc5 Bxf4 7. exf4 Qa5+ 8. c3 Qxc5 9. Nbd2 Qc7 $146 ({RR} 9... O-O 10. O-O b6 11. Re1 Ba6 12. Ne5 Bxe2 13. Qxe2 Nfd7 14. Nb3 Qc7 15. Nd4 Nxe5 16. fxe5 Nc6 17. Nb5 Qd7 18. Rad1 Nxe5 19. c4 Nc6 20. Qg4 Rad8 21. cxd5 exd5 22. Qxd7 Rxd7 23. Nd4 Nxd4 24. Rxd4 {½-½ Skoberne,J (2537)-Visakh,N (2535) TCh-SRB Premier 2023 (5.4)}) 10. g3 O-O 11. O-O b6 12. a4 Nbd7 13. Nd4 e5 14. fxe5 Nxe5 15. Re1 Bh3 16. N2f3 Nc4 17. Qc2 Rfe8 18. Bd3 Bg4 19. Nd2 Bh5 20. Nb5 Rxe1+ 21. Rxe1 Qc6 22. Nd4 Qc7 23. Nxc4 dxc4 24. Bf1 Bg6 25. Qe2 Rc8 26. Qe7 a6 27. Bg2 Qxe7 28. Rxe7 Re8 29. Nc6 Rxe7 30. Nxe7+ Kf8 31. Nc8 Nd7 32. Bh3 f5 33. Bf1 Bf7 34. Nd6 Nc5 35. Nxf7 Kxf7 36. Bxc4+ Kf6 37. b3 f4 38. Kg2 Ke5 39. Kf3 g5 40. gxf4+ gxf4 41. Ke2 b5 42. axb5 axb5 43. Bd3 Nxb3 44. Bxh7 b4 45. cxb4 Nd4+ 46. Kd3 Nf3 47. h4 Nxh4 48. Be4 f3 49. Ke3 Ng2+ 50. Kxf3 Nf4 51. b5 Ne6 52. b6 Kd6 53. b7 Kc7 54. Kg4 Nc5 55. Kf5 Nd7 56. f4 Kd6 57. Kg6 Ke7 58. Kg7 1-0

[Event "45th Olympiad 2024"]
[Site "Budapest HUN"]
[Date "2024.09.21"]
[Round "10.13"]
[Board "4"]
[White "Draskovic, Luka"]
[Black "Mastrovasilis, Dimitrios"]
[Result "1/2-1/2"]
[WhiteElo "2497"]
[BlackElo "2550"]
[PlyCount "78"]
[EventDate "2024.09.11"]
[WhiteTeam "Montenegro"]
[BlackTeam "Greece"]
[WhiteTeamCountry "MNE"]
[BlackTeamCountry "GRE"]

1. e4 e5 2. Nf3 Nc6 3. Bc4 Nf6 4. d3 h6 5. a4 Bc5 6. O-O ({RR} 6. c3 a6 7. O-O d6 8. Nbd2 O-O 9. Re1 Ba7 10. Nf1 Be6 11. Bxe6 fxe6 12. Ng3 Qe8 13. b4 Ne7 14. Ra2 Ng6 15. Qb3 Kh8 16. d4 Nd7 17. Qd1 Qf7 18. Be3 exd4 19. cxd4 d5 20. a5 e5 {1-0 Yu Yangyi (2735)-Amin,B (2694) 56th Biel GM Blitz 2023 (4.1)}) ({RR} 6. h3 d6 7. Nc3 a6 8. Ne2 Be6 9. Ng3 Bxc4 10. dxc4 g6 11. c3 a5 12. O-O Qd7 13. Qd3 h5 14. Be3 Bxe3 15. Qxe3 h4 16. Ne2 Rh5 17. Rfd1 Qe7 18. Rab1 Kf8 19. Nc1 Nd8 20. Nd3 Ne6 {1-0 Kubicka,A (2278)-Arabidze,M (2458) Swiss Queens Wed #9 2024 (7.138)}) 6... d6 7. c3 a5 8. Nbd2 $146 ({RR} 8. Re1 O-O 9. h3 Be6 10. Nbd2 Re8 11. Bb5 Re7 12. Qc2 Qc8 13. Bxc6 bxc6 14. d4 Bb6 15. Kh2 exd4 16. cxd4 Qe8 17. Ra3 Bf5 18. exf5 Rxe1 19. Nxe1 Qxe1 20. Qxc6 Re8 21. Re3 Rxe3 22. fxe3 Qxe3 {0-1 Babula,V (2255)-Mazur,S (2467) exe Slovakia Open 2023 (8.7)}) ({RR} 8. Be3 Bxe3 9. fxe3 O-O 10. Nbd2 Be6 11. Bxe6 fxe6 12. Qb3 Qd7 13. h3 b6 14. Rf2 Ne7 15. Raf1 Ng6 16. g4 Qe7 17. g5 Nd7 18. Rg2 hxg5 19. Nxg5 Rxf1+ 20. Nxf1 Ngf8 21. Nh2 Nf6 22. Nhf3 N6h7 {½-½ Demchenko,A (2623)-Motylev,A (2604) 1st Munich Pfingst-Open A 2023 (6.2)}) 8... O-O 9. Re1 Ne7 10. Nf1 Ng6 11. Ng3 c6 12. d4 Ba7 13. h3 exd4 14. Nxd4 Nxe4 15. Nxe4 d5 16. Bb3 dxe4 17. Rxe4 Qf6 18. Qh5 Bd7 19. Bd2 Bb6 20. g4 Rae8 21. Rae1 Rxe4 22. Rxe4 Re8 23. Rxe8+ Bxe8 24. Qf5 Bxd4 25. cxd4 Qxf5 26. gxf5 Nh4 27. Bxa5 Nf3+ 28. Kg2 Nxd4 29. Bd1 Nxf5 30. Bg4 Bd7 31. Bxf5 Bxf5 32. Bb6 Bc2 33. a5 f6 34. f4 Kf7 35. Kg3 g5 36. fxg5 hxg5 37. h4 gxh4+ 38. Kxh4 Ke6 39. b4 Kd5 1/2-1/2

[Event "45th Olympiad 2024"]
[Site "Budapest HUN"]
[Date "2024.09.21"]
[Round "10.14"]
[Board "1"]
[White "Grandelius, Nils"]
[Black "Cheparinov, Ivan"]
[Result "1/2-1/2"]
[WhiteElo "2653"]
[BlackElo "2628"]
[PlyCount "82"]
[EventDate "2024.09.11"]
[WhiteTeam "Sweden"]
[BlackTeam "Bulgaria"]
[WhiteTeamCountry "SWE"]
[BlackTeamCountry "BUL"]

1. e4 c5 2. Nf3 d6 3. Bb5+ Bd7 4. Bxd7+ Nxd7 5. c3 Ngf6 6. Qe2 e6 7. d4 cxd4 8. cxd4 d5 9. e5 Bb4+ 10. Nbd2 Ne4 11. O-O Nxd2 12. Bxd2 Bxd2 13. Qxd2 O-O 14. Rfc1 Nb8 $146 ({RR} 14... Nb6 15. b3 Qd7 16. Ne1 Rfc8 17. Nd3 Qb5 18. Rc5 Rxc5 19. Nxc5 Nd7 20. a4 Qc6 21. Rc1 Rf8 22. h3 a6 23. Qb4 b6 24. Nd3 Qb7 25. Qc3 Rb8 26. b4 Kf8 27. b5 Kg8 28. Nb4 axb5 29. axb5 {1-0 Gorodetzky,D (2488)-Sokolovsky,Y (2471) TCh-ISR 2024 (7.32)}) 15. Rc5 Nc6 16. Rac1 h6 17. b4 a6 18. h3 Qd7 19. R1c2 Rfc8 20. Qc1 Qd8 21. Kf1 Ne7 22. Rxc8 Rxc8 23. Rxc8 Nxc8 24. Qc5 Qd7 25. a4 b6 26. Qc2 Ne7 27. Ke2 Nc6 28. Qc3 Ne7 29. Qc2 b5 30. a5 Qc6 31. Qc5 Qxc5 32. dxc5 Nc6 33. Ke3 Kf8 34. Nd4 Nxd4 35. Kxd4 Ke7 36. f4 Kd7 37. h4 g6 38. g4 Kc6 39. Kd3 Kd7 40. Ke3 Kc6 41. Kf3 Kd7 1/2-1/2

[Event "45th Olympiad 2024"]
[Site "Budapest HUN"]
[Date "2024.09.21"]
[Round "10.14"]
[Board "2"]
[White "Naiditsch, Arkadij"]
[Black "Blomqvist, Erik"]
[Result "1-0"]
[WhiteElo "2643"]
[BlackElo "2491"]
[PlyCount "69"]
[EventDate "2024.09.11"]
[WhiteTeam "Bulgaria"]
[BlackTeam "Sweden"]
[WhiteTeamCountry "BUL"]
[BlackTeamCountry "SWE"]

1. e4 e5 2. Nf3 Nc6 3. Nc3 Nf6 4. Bb5 Bc5 5. Bxc6 dxc6 6. d3 Nd7 7. Be3 Bxe3 8. fxe3 Qe7 9. Qd2 ({RR} 9. O-O b6 10. Qe1 Bb7 11. Qg3 f6 12. a3 a5 13. Nd2 h5 14. Nf3 g5 15. h4 Rg8 16. hxg5 fxg5 17. Nh4 O-O-O 18. Nf5 Qe6 19. b4 axb4 20. axb4 Kb8 21. Qe1 h4 22. Qb1 Nf6 23. Qa2 Qxa2 {1-0 Anand,V (2751)-So,W (2776) Warsaw Superbet Classic Blitz 2022 (6.5)}) 9... b6 10. O-O $146 ({RR} 10. Qf2 Bb7 11. O-O-O O-O-O 12. Nh4 g6 13. h3 Rhf8 14. g4 f6 15. Rhf1 Kb8 16. Qg3 Nc5 17. Nf3 g5 18. h4 h6 19. Rh1 Bc8 20. hxg5 hxg5 21. Rh5 Rh8 22. Rdh1 Qg7 23. Nd1 Rxh5 24. Rxh5 Rh8 {0-1 Delgado Ramirez,N (2558)-Rodriguez Lopez,R (2171) Maxistral Xiria Carballo 2023 (8.3)}) 10... Bb7 11. a3 h5 12. Qf2 h4 13. b4 h3 14. g4 O-O-O 15. Qg3 Kb8 16. Nd1 Rh6 17. Nf2 Rdh8 18. c4 c5 19. b5 f6 20. Kh1 Nf8 21. a4 Ng6 22. a5 Nh4 23. axb6 axb6 24. Ra3 g6 25. g5 Rh5 26. gxf6 Qxf6 27. Ng4 Qe6 28. Nxh4 Rxh4 29. Nf6 Kc8 30. Qf2 Rf4 31. exf4 Qxf6 32. fxe5 Qxe5 33. Qf6 Qh5 34. Rfa1 Kb8 35. Ra7 1-0

[Event "45th Olympiad 2024"]
[Site "Budapest HUN"]
[Date "2024.09.21"]
[Round "10.14"]
[Board "3"]
[White "Hillarp Persson, Tiger"]
[Black "Petkov, Momchil"]
[Result "0-1"]
[WhiteElo "2457"]
[BlackElo "2540"]
[PlyCount "78"]
[EventDate "2024.09.11"]
[WhiteTeam "Sweden"]
[BlackTeam "Bulgaria"]
[WhiteTeamCountry "SWE"]
[BlackTeamCountry "BUL"]

1. c4 Nf6 2. Nf3 g6 3. Nc3 Bg7 4. d4 d6 5. e3 O-O 6. Be2 Nbd7 7. O-O e5 8. h3 Re8 9. Re1 e4 10. Nd2 Nf8 11. Bf1 h5 12. b4 Bf5 $146 ({RR} 12... g5 13. Qc2 Qe7 14. f3 exf3 15. Nxf3 g4 16. Ng5 c6 17. Bd3 Nd5 18. cxd5 Qxg5 19. Ne4 Qxd5 20. Rf1 Re6 21. h4 Re7 22. Ng5 Be6 23. Bb2 c5 24. Rad1 cxb4 25. Kh1 Rc8 26. Qf2 Qxa2 27. Rd2 {0-1 Gaifullin,A (2448)-Zablotsky,S (2511) Wch Rapid St Petersburg 2018 (13)}) 13. a4 c6 14. c5 d5 15. b5 g5 16. a5 a6 17. bxc6 bxc6 18. Rb1 g4 19. Rb6 gxh3 20. Rxc6 hxg2 21. Bxg2 Re6 22. Rb6 h4 23. f3 h3 24. Bh1 Nh5 25. Nf1 Rg6+ 26. Rxg6 Nxg6 27. fxe4 Qg5+ 28. Kh2 Ne5 29. exf5 Ng4+ 30. Qxg4 Qxg4 31. Nxd5 Re8 32. f6 Nxf6 33. Nd2 Nxd5 34. Bxd5 Qf5 35. Bf3 Rxe3 36. Rxe3 Qf4+ 37. Kxh3 Qxe3 38. c6 Qc3 39. Ba3 Qxa3 0-1

[Event "45th Olympiad 2024"]
[Site "Budapest HUN"]
[Date "2024.09.21"]
[Round "10.14"]
[Board "4"]
[White "Grigorov, Grigor"]
[Black "Lokander, Martin"]
[Result "0-1"]
[WhiteElo "2514"]
[BlackElo "2469"]
[PlyCount "66"]
[EventDate "2024.09.11"]
[WhiteTeam "Bulgaria"]
[BlackTeam "Sweden"]
[WhiteTeamCountry "BUL"]
[BlackTeamCountry "SWE"]

1. d4 Nf6 2. Bg5 c5 3. Bxf6 gxf6 4. d5 f5 5. c4 Bg7 6. Qc2 ({RR} 6. Nc3 Bxc3+ 7. bxc3 e5 8. g3 d6 9. Nf3 e4 10. Nh4 Qf6 11. Bh3 Qxc3+ 12. Kf1 Qf6 13. Rc1 Kd8 14. Qd2 Re8 15. Qf4 Re5 16. Ng2 h6 17. f3 exf3 18. exf3 Na6 19. Kf2 Nb4 20. Qd2 Re7 {½-½ Duda,J (2738)-Saric,I (2653) Zagreb GCT Rapid 2021 (1)}) 6... d6 7. Nc3 ({RR} 7. e3 O-O 8. Bd3 Na6 9. a3 Qa5+ 10. Nc3 Nb4 11. Qd2 Nxd3+ 12. Qxd3 Bd7 13. Nge2 b5 14. O-O bxc4 15. Qxc4 Rab8 16. b4 Bb5 17. Nxb5 Qxb5 18. Qxb5 Rxb5 19. Ra2 cxb4 20. axb4 Ra8 21. Ra5 Rxb4 {0-1 Fos Santacreu,J (2170)-Rubio Cerda,F (1741) 8th Sueca Open 2024 (2.7)}) 7... e5 $146 ({RR} 7... O-O 8. e3 e5 9. Bd3 Qf6 10. f4 Re8 11. Nh3 exf4 12. O-O fxe3 13. Rae1 Na6 14. a3 Bh6 15. Ne2 Re5 16. Rf3 Bd7 17. Ref1 Rae8 18. Nhf4 Kh8 19. Nh5 Qg5 20. Bxf5 Bxf5 21. Rxf5 Qg6 22. Nhg3 {½-½ Uwira,O (2234)-Zhao,J (2374) Bad Zwesten op 7th 2003 (5)}) ({RR} 7... O-O 8. e3 e5 9. h3 a6 10. g4 e4 11. gxf5 Bxf5 12. Nge2 Re8 13. Ng3 Bg6 14. h4 h6 15. h5 Bh7 16. Bh3 Qg5 17. O-O-O f5 18. Rdg1 Qf6 19. Rg2 b5 20. Rhg1 Re7 21. Nge2 Nd7 22. Nf4 {0-1 Djordjevic,V (2347)-Sekulic,D (2190) Belgrade Vucicevic Memorial blitz 2019 (13)}) ({RR} 7... O-O 8. e3 e5 9. Nge2 f4 10. exf4 exf4 11. Nxf4 Qg5 12. g3 Re8+ 13. Be2 Bf5 14. Qd2 Nd7 15. h4 Qe7 16. Kf1 Bh6 17. g4 Qe5 18. g5 Bg7 19. Nh5 Qd4 20. Rd1 Qxd2 21. Rxd2 Bxc3 22. bxc3 {1-0 Damljanovic,B (2469)-Woodward,A (2389) Novi Sad TS GM Mix 274th 2022 (4)}) 8. g3 e4 9. Nh3 h5 10. Nf4 Nd7 11. e3 h4 12. gxh4 Rxh4 13. O-O-O Nf6 14. Be2 Bd7 15. Rdg1 Bh6 16. Ng2 Rh3 17. Nf4 Rh4 18. Ng2 Rh3 19. Nf4 Bxf4 20. exf4 Qe7 21. Rg3 Rh4 22. Qd2 O-O-O 23. h3 Rdh8 24. Bd1 Kb8 25. Ne2 Bc8 26. Ra3 Nd7 27. Qa5 a6 28. Ba4 Nf8 29. Rb3 Ng6 30. Qxa6 Nxf4 31. Nc3 Rxh3 32. Rd1 Ne2+ 33. Kb1 Rxc3 0-1

[Event "45th Olympiad 2024"]
[Site "Budapest HUN"]
[Date "2024.09.21"]
[Round "10.15"]
[Board "1"]
[White "Supi, Luis Paulo"]
[Black "Kozak, Adam"]
[Result "1/2-1/2"]
[WhiteElo "2570"]
[BlackElo "2609"]
[PlyCount "67"]
[EventDate "2024.09.11"]
[WhiteTeam "Brazil"]
[BlackTeam "Hungary B"]
[WhiteTeamCountry "BRA"]

1. c4 b6 2. Nc3 Bb7 3. e4 e6 4. g3 Bb4 5. Nge2 f5 6. Bg2 Nf6 7. d3 O-O 8. O-O fxe4 9. Bg5 Nc6 ({RR} 9... Qe8 10. Bxf6 gxf6 11. Nxe4 Nc6 12. d4 Na5 13. c5 d5 14. cxd6 Bxd6 15. Nxd6 cxd6 16. Bxb7 Nxb7 17. Rc1 Rf7 18. Qd3 Qa4 19. b3 Qa5 20. Rc2 e5 21. Rfc1 Re8 22. Rc8 Rxc8 23. Rxc8+ Kg7 24. Qf3 {1-0 Georgiadis,I (2480)-Gaehler,M (2323) TCh-SUI 2024 (2.1)}) 10. Nxe4 Be7 11. Bxf6 $146 ({RR} 11. N4c3 Na5 12. Bxb7 Nxb7 13. d4 Nd6 14. Qd3 Qe8 15. Rad1 Qh5 16. Bxf6 Rxf6 17. Nf4 Rxf4 18. gxf4 Nxc4 19. b3 Nb2 20. Qe4 Qg4+ 21. Kh1 Rf8 22. Rd2 Qh3 23. Rg1 Bd6 24. Ne2 Ba3 25. Rb1 Rf6 {1-0 Doncea,V (2441)-Goossens,E (2278) Rhone op 4th 2008 (6)}) ({RR} 11. Nxf6+ Bxf6 12. Bxf6 Qxf6 13. d4 Rae8 14. f4 Re7 15. Nc3 Na5 16. Bxb7 Nxb7 17. Qd3 Nd6 18. Rae1 Qf5 19. Qxf5 Nxf5 20. d5 Rfe8 21. Kf2 Kf7 22. dxe6+ Rxe6 23. Rxe6 Rxe6 24. Re1 Rxe1 25. Kxe1 c6 {½-½ Leidorf,S (2071)-Schleining,Z (2364) Porto Mannu op 8th 2016 (3)}) 11... Bxf6 12. d4 Kh8 13. Rc1 Ne7 14. Qd2 Rb8 15. d5 Nf5 16. Rfd1 e5 17. b4 d6 18. Qd3 Be7 19. Kh1 Nh6 20. f4 Nf7 21. Rf1 Bc8 22. h3 Bd7 23. f5 Ng5 24. h4 Nf7 25. Bh3 Nh6 26. Kh2 Bxf5 27. Bxf5 Nxf5 28. Rf3 g6 29. Rcf1 Qd7 30. N2c3 Kg7 31. R1f2 Nd4 32. Rxf8 Rxf8 33. Rxf8 Kxf8 34. Nb5 1/2-1/2

[Event "45th Olympiad 2024"]
[Site "Budapest HUN"]
[Date "2024.09.21"]
[Round "10.15"]
[Board "2"]
[White "Banusz, Tamas"]
[Black "Fier, Alexandr"]
[Result "1/2-1/2"]
[WhiteElo "2605"]
[BlackElo "2551"]
[PlyCount "76"]
[EventDate "2024.09.11"]
[WhiteTeam "Hungary B"]
[BlackTeam "Brazil"]
[BlackTeamCountry "BRA"]

1. Nf3 Nf6 2. g3 c5 3. c4 Nc6 4. Bg2 d5 5. cxd5 Nxd5 6. Nc3 Nc7 7. a3 Rb8 ({RR} 7... e6 8. O-O Be7 9. d3 O-O 10. Be3 Nd5 11. Nxd5 exd5 12. d4 c4 13. b3 Be6 14. bxc4 dxc4 15. Bf4 Bd5 16. Re1 Be4 17. e3 Qd5 18. Nh4 Bxh4 19. Bxe4 Qxe4 20. gxh4 Rad8 21. Qb1 Qf3 22. Bg3 {½-½ Svidler,P (2714)-Fier,A (2576) Titled Tuesday intern op 02nd Mar blitz 2021 (7)}) 8. Rb1 ({RR} 8. b4 cxb4 9. axb4 b5 10. O-O e6 11. Bb2 Bb7 12. Ne4 Nxb4 13. Qb1 a6 14. Rc1 Nbd5 15. h4 Rc8 16. h5 h6 17. Ne5 Rg8 18. Nc5 Bxc5 19. Rxc5 Qg5 20. Qc1 Nf4 21. Bf1 Qxh5 22. Nf3 Nfd5 {1-0 Wang,Y (2723)-Nepomniachtchi,I (2721) Beijing Sportaccord Basque rapid 2013 (4.1)}) 8... g6 $146 ({RR} 8... Bf5 9. d3 g6 10. b4 Bg7 11. Bd2 cxb4 12. axb4 O-O 13. O-O a6 14. b5 axb5 15. Nxb5 Nxb5 16. Rxb5 Qd7 17. Qb3 Bg4 18. Be3 Be6 19. Qb1 Bh3 20. Bxh3 Qxh3 21. Rxb7 Ra8 22. Rc1 Rfc8 23. Qb5 {½-½ Flores,D (2526)-Sukandar,I (2349) Titled Tue 2nd Jan Late 2024 (5)}) 9. b4 cxb4 10. axb4 Bf5 11. d3 Bg7 12. Qd2 b5 13. Nh4 Bd7 14. Ne4 O-O 15. Nc5 Be8 16. Bb2 e5 17. O-O Nd5 18. Ba1 Ndxb4 19. Rxb4 Nxb4 20. Qxb4 a5 21. Qe4 Rc8 22. Qe3 b4 23. Bxe5 Bxe5 24. Qxe5 Qc7 25. Qxc7 Rxc7 26. d4 Bb5 27. Ra1 a4 28. Bd5 Rd8 29. e4 b3 30. Rb1 Bc6 31. Bxc6 Rxc6 32. Nf3 Rxc5 33. dxc5 Rd3 34. Ne5 Rc3 35. Nc6 Rxc5 36. Nd4 Rc4 37. Nxb3 axb3 38. Rxb3 Rxe4 1/2-1/2

[Event "45th Olympiad 2024"]
[Site "Budapest HUN"]
[Date "2024.09.21"]
[Round "10.15"]
[Board "3"]
[White "Quintiliano, Renato R."]
[Black "Prohaszka, Peter2"]
[Result "1/2-1/2"]
[WhiteElo "2499"]
[BlackElo "2542"]
[PlyCount "36"]
[EventDate "2024.09.11"]
[WhiteTeam "Brazil"]
[BlackTeam "Hungary B"]
[WhiteTeamCountry "BRA"]

1. d4 d5 2. c4 e6 3. Nf3 Nf6 4. g3 dxc4 5. Bg2 Nbd7 6. O-O c6 7. Nc3 Be7 8. e4 O-O 9. Bf4 Re8 10. a4 a5 11. Qe2 b6 12. Rfd1 Ba6 13. Nd2 Bf8 14. Nxc4 Nd5 15. Bd2 Nb4 16. Bf4 $146 ({RR} 16. Be3 Nf6 17. Rac1 Nfd5 18. Bf1 Bxc4 19. Qxc4 Nxe3 20. fxe3 Qg5 21. Qe2 e5 22. Qf2 Re6 23. Bc4 Rf6 24. Qe2 Rd8 25. Kg2 Rfd6 26. Rf1 g6 27. Rxf7 Kh8 28. h4 Qh6 29. d5 Bg7 30. Rcf1 Qh5 {1-0 Grinev,V (2409)-Gasanov,E (2488) UKR-ch 86th Zhitomir 2017 (2)}) ({RR} 16. Be3 Nf6 17. Rac1 Rc8 18. f3 Qc7 19. Bf1 Nd7 20. Qf2 f6 21. b3 Kh8 22. Bh3 Rcd8 23. Kh1 Qb7 24. Bg2 e5 25. f4 exd4 26. Bxd4 Bxc4 27. bxc4 Nc5 28. Bxc5 Bxc5 29. Qf3 Qe7 30. Rxd8 Rxd8 {½-½ Illescas Cordoba,M (2601)-Alonso Rosell,A (2501) ESP-ch 75th Arenal d'en Castell 2011 (6)}) 16... Nd5 17. Bd2 Nb4 18. Bf4 Nd5 1/2-1/2

[Event "45th Olympiad 2024"]
[Site "Budapest HUN"]
[Date "2024.09.21"]
[Round "10.15"]
[Board "4"]
[White "Papp, Gabor1"]
[Black "Di Berardino, Diego Rafael"]
[Result "0-1"]
[WhiteElo "2550"]
[BlackElo "2472"]
[PlyCount "90"]
[EventDate "2024.09.11"]
[WhiteTeam "Hungary B"]
[BlackTeam "Brazil"]
[BlackTeamCountry "BRA"]

1. e4 e6 2. d4 d5 3. e5 c5 4. c3 Nc6 5. Nf3 Qb6 6. Bd3 cxd4 7. O-O Bd7 8. Re1 Nge7 9. h4 h6 10. Nbd2 dxc3 11. bxc3 Na5 12. Rb1 Qc7 13. Qe2 $146 ({RR} 13. Qc2 Nec6 14. Nf1 O-O-O 15. Bf4 Be7 16. Bg3 g5 17. h5 g4 18. N3h2 Rhg8 19. Ne3 Rg5 20. Nxd5 exd5 21. e6 Bd6 22. exd7+ Qxd7 23. Bxd6 Qxd6 24. Nxg4 Rdg8 25. f3 Kc7 26. Re2 Qc5+ 27. Rf2 Nc4 {0-1 Thorhallsson,S (2173)-Akkarakaran,J (2322) Titled Tue 2nd Apr Early 2024 (1)}) 13... a6 14. Ba3 Nf5 15. Bxf8 Kxf8 16. h5 Rc8 17. Bxf5 exf5 18. Nd4 Be6 19. N2b3 Nc4 20. f4 Qd7 21. Nd2 Kg8 22. Nxc4 Rxc4 23. Qd3 b5 24. g4 g6 25. Rb2 Kh7 26. Rf1 Rhc8 27. Rc2 b4 28. hxg6+ fxg6 29. Rfc1 bxc3 30. Rxc3 fxg4 31. Kh2 h5 32. Qe3 Qe7 33. Rxc4 dxc4 34. Rb1 Qh4+ 35. Kg1 Bd5 36. Rb6 c3 37. Rxg6 c2 38. Rh6+ Kg8 39. Rg6+ Kh7 40. Rh6+ Kg8 41. Rg6+ Kf7 42. e6+ Kxg6 43. Qd3+ Kf6 44. Qf5+ Kg7 45. Qe5+ Kg8 0-1

[Event "45th Olympiad 2024"]
[Site "Budapest HUN"]
[Date "2024.09.21"]
[Round "10.16"]
[Board "1"]
[White "Brkic, Ante"]
[Black "Nogerbek, Kazybek"]
[Result "1/2-1/2"]
[WhiteElo "2642"]
[BlackElo "2519"]
[PlyCount "62"]
[EventDate "2024.09.11"]
[WhiteTeam "Croatia"]
[BlackTeam "Kazakhstan"]
[WhiteTeamCountry "CRO"]
[BlackTeamCountry "KAZ"]

1. e4 e5 2. Nf3 Nc6 3. Bb5 a6 4. Ba4 Nf6 5. O-O Be7 6. d3 b5 7. Bb3 d6 8. c3 Na5 9. Bc2 c5 10. d4 cxd4 11. cxd4 O-O 12. h3 Bd7 $146 ({RR} 12... Re8 13. d5 Bd7 14. Nc3 Qb8 15. Bd3 Rc8 16. Ne2 Nb7 17. g4 Nc5 18. Ng3 Nxd3 19. Qxd3 b4 20. Re1 Qb5 21. Qd1 Rc7 22. Be3 Rac8 23. Nd2 g6 24. b3 Qb7 25. Nc4 Bb5 26. Na5 Qb8 27. Qd2 {0-1 Carlsen,M (2882)-Ding,L (2805) Sinquefield Cup 7th playoff2 blitz 2019 (4)}) ({RR} 12... d5 13. exd5 exd4 14. Qxd4 Bb7 15. Rd1 Rc8 16. Qd2 Bxd5 17. Nd4 Nc4 18. Qf4 Qb6 19. b3 Bd6 20. Qh4 Ne5 21. Be3 Qb7 22. f3 Bxf3 23. Rd2 Be4 24. Bxe4 Rc1+ {0-1 Mouhamad,J (2316)-Nemitz,A (2223) SixDays Budapest Jan IM B 2024 (2.5)}) ({RR} 12... exd4 13. Nxd4 Bb7 14. Re1 Rc8 15. Nf5 Rc7 16. Bf4 Nc4 17. b3 Ne5 18. Nd2 Bc8 19. Nxe7+ Qxe7 20. Rc1 Bb7 21. Nf1 Rfc8 22. Ng3 Rc6 23. Bb1 Rxc1 24. Bxc1 Rd8 25. Qe2 Ng6 {½-½ Flach,H (1794)-Ehmann,J (1748) GER-ch U16 Girls 2017 (7)}) ({RR} 12... Qc7 13. Nc3 Bb7 14. d5 Rfc8 15. Bb1 Nc4 16. Ne2 a5 17. Ng3 b4 18. Bd3 Bf8 19. Qe2 Nb6 20. Be3 Nbd7 21. Rfc1 Qd8 22. Bb5 g6 23. Nd2 h5 24. a4 Be7 25. Ngf1 Rc7 26. Qd3 h4 27. Rxc7 {1-0 Dai,C (2496)-Xu,Z (2508) CHN Team Men 2023 (6.2)}) 13. b3 Nc6 14. Bb2 Qc7 15. Nbd2 Rac8 16. Rc1 exd4 17. Nxd4 Nxd4 18. Bxd4 Qa5 19. Bb1 Rxc1 20. Qxc1 Rc8 21. Qd1 Bc6 22. Re1 Qd8 23. Nf1 g6 24. Ne3 Bf8 25. Re2 Bg7 26. Rd2 Qe7 27. Ng4 Nxg4 28. hxg4 Bh6 29. Re2 Bd7 30. Rc2 Rxc2 31. Bxc2 Qh4 1/2-1/2

[Event "45th Olympiad 2024"]
[Site "Budapest HUN"]
[Date "2024.09.21"]
[Round "10.16"]
[Board "2"]
[White "Suleymenov, Alisher"]
[Black "Martinovic, Sasa"]
[Result "1-0"]
[WhiteElo "2484"]
[BlackElo "2563"]
[PlyCount "87"]
[EventDate "2024.09.11"]
[WhiteTeam "Kazakhstan"]
[BlackTeam "Croatia"]
[WhiteTeamCountry "KAZ"]
[BlackTeamCountry "CRO"]

1. e4 e6 2. d4 d5 3. e5 c5 4. c3 Nc6 5. Nf3 Qb6 6. Bd3 cxd4 7. O-O Bd7 8. Re1 Nge7 9. h4 a6 ({RR} 9... Nf5 10. Bxf5 exf5 11. cxd4 Be7 12. Nc3 Be6 13. h5 h6 14. a3 g5 15. hxg6 fxg6 16. b4 Qd8 17. Qd3 g5 18. Bd2 Qd7 19. Rac1 g4 20. Nh2 h5 21. Ne2 h4 22. Nf4 Rg8 23. Nf1 Kf7 24. Ne3 {1-0 Christiansen,J (2629)-Tregubov,P (2567) Titled Tue 16th Jan Early 2024 (11)}) 10. Nbd2 dxc3 11. bxc3 Qc7 12. h5 $146 ({RR} 12. Nb3 Ng6 13. Qe2 f6 14. exf6 gxf6 15. Nfd4 e5 16. Nxc6 Bxc6 17. Bf5 Bd7 18. Qg4 O-O-O 19. Be3 Rg8 20. Bxd7+ Qxd7 21. Qh5 Ba3 22. Rab1 Qf7 23. Na5 Rd7 24. Rb3 Bd6 25. Reb1 b5 26. a4 b4 {0-1 Liyanage,R (2370)-Santos Latasa,J (2631) Titled Tue 30th Jul Early 2024 (5)}) ({RR} 12. Nb3 Na5 13. Rb1 Nec6 14. Nxa5 Nxa5 15. Ng5 Bc5 16. Be3 g6 17. h5 Bxe3 18. Rxe3 Bc6 19. Rf3 d4 20. Rxf7 Qxe5 21. Qg4 gxh5 22. Qh3 O-O-O 23. Nxe6 Rdg8 24. Nxd4+ Kb8 25. Nxc6+ Nxc6 26. Rbxb7+ Ka8 {1-0 Dixit,N (2327)-Divya,D (2408) Qatar Masters Open 2023 (7.48)}) ({RR} 12. c4 Ng6 13. cxd5 exd5 14. Ng5 Be7 15. Ndf3 Nf8 16. Bf4 Ne6 17. Nxe6 Bxe6 18. Ng5 Bxg5 19. Bxg5 h6 20. Bf4 Qe7 21. h5 d4 22. Be4 Rd8 23. Rc1 Qd7 24. Rc5 O-O 25. Qf3 Ne7 26. Rec1 Bd5 {0-1 Alinasab,M (2355)-Erigaisi,A (2675) Menorca op 1st 2022 (2)}) 12... Na5 13. Bb2 Nec6 14. Rc1 b5 15. Qc2 g6 16. hxg6 hxg6 17. Bxg6 Be7 18. Bd3 Rh5 19. Nf1 Nc4 20. Bxc4 bxc4 21. Ng3 Rxe5 22. Red1 O-O-O 23. Rb1 Rg8 24. Qh7 Rxg3 25. Qh8+ Bd8 26. Nxe5 Nxe5 27. fxg3 Ng6 28. Qd4 Be7 29. Kh2 Bd6 30. Qe3 Ne5 31. Qg5 Qc5 32. Qg8+ Kc7 33. Ba3 Ng4+ 34. Kh3 Nf2+ 35. Kh4 Qa7 36. Bxd6+ Kxd6 37. Rd4 e5 38. Qf8+ Ke6 39. Qh6+ f6 40. Rf1 exd4 41. Rxf2 Kd6 42. Rxf6+ Kc5 43. Qf8+ Kb5 44. Qb4# 1-0